000 00718nam a22002177a 4500
999 _c15266
_d15266
003 OSt
082 _2631.587 BIJ/CL
088 _aP 20
100 _aBIJU A. GEORGE
_93939
245 _aClogging susceptibility study of drip emitters
260 _aTavanur 1993
_bDepartment of Irrigation University and Drainage Engineering
300 _a86
500 _aClogging susceptibility study of drip emitters
520 _aClogging susceptibility study of drip emitters
700 _aE. B. Gilsha Bai
_93940
700 _aS. Rini Rani
_93941
700 _aRoy Tharakan
_93942
700 _aEr. E. K Kurien (Guide)
_93773
856 _uhttps://drive.google.com/open?id=18azt_HbcGmqDXMPDD1g9HXRdX24S_QVG
942 _cPR